01021cas a22002417ar450000500170000000800410001701000100005801100100006803500100007824501720008826001110026030000070037131000140037832100100039236200150040265000510041765000560046865000500052478000780057478500860065286600220073886600190076020220329142044.0990503d19711979es ar p rnn uub0spa d a77724 a78696 a8871300aAnales del Instituto Nacional de Investigaciones Agrarias :bSerie Protección Vegetalc/por Instituto Nacional de Investigaciones Agrarias. Ministerio de Agricultura0 aMadrid, España :bInstituto Nacional de Investigaciones Agrarias. Ministerio de Agricultura,c1971-1979. an. aSemestral aAnual an.11, 197914aControl de plagasxPublicaciones periódicas.14aCultivosxEnfermedadesxPublicaciones periódicas.14aCultivosxPlagasxPublicaciones periódicas. tAnales del Instituto Nacional de Investigaciones Agronómicas. 1960-1970 tAnales del Instituto Nacional de Investigaciones Agrarias. Serie Agrícola 1980- an.1-7 (1971-1977) an.11-12 (1979)